Normal view
MARC view
Entry Topical Term
001 - CONTROL NUMBER
- control field: 733
003 - CONTROL NUMBER IDENTIFIER
- control field: AM-YEHGA
005 - DATE AND TIME OF LATEST TRANSACTION
- control field: 20250617070422.0
008 - FIXED-LENGTH DATA ELEMENTS
- fixed length control field: 040831ng|a||nnaaan fb |na ||
040 ## - CATALOGING SOURCE
- Original cataloging agency: AM-YEHGA
150 ## - HEADING--TOPICAL TERM
- Topical term or geographic name entry element: Քրդական գրականություն
450 ## - SEE FROM TRACING--TOPICAL TERM
- Topical term or geographic name entry element: Kurdish literature
450 ## - SEE FROM TRACING--TOPICAL TERM
- Topical term or geographic name entry element: Kordische Literatur
450 ## - SEE FROM TRACING--TOPICAL TERM
- Topical term or geographic name entry element: Littérature kurde
450 ## - SEE FROM TRACING--TOPICAL TERM
- Topical term or geographic name entry element: Курдская литература
550 ## - SEE ALSO FROM TRACING--TOPICAL TERM
- Topical term or geographic name entry element: Մերձավոր Արևելքի գրականություն
- Control subfield: g
ՀՀ Գիտությունների ազգային ակադեմիայի հիմնարար գիտական գրադարան = Fundamental Scientific Library of NAS RA
All site content, except where otherwise noted, is licensed under a